000 01461nam a2200385 c 4500
999 _c50895
_d50895
001 50895
003 ES-MaCES
005 20180823122932.0
007 cr |||||||||||
008 180822s2018 lu |||| r i||| ||spa
040 _aES-MaCES
_bspa
_cES-MaCES
245 0 1 _aAsociaciones público-privadas en la UE
_hRecurso electrónico
_b: deficiencias generalizadas y beneficios limitados : informe especial : (presentado con arreglo al artículo 287 TFUE, apartado 4, párrafo segundo)
_cTribunal de Cuentas Europeo
260 _aLuxemburgo
_bTCE
_c2018
300 _a1 documento pdf
_c(3,13 mb)
500 _aEn la cub.: 2018, nº 09
541 _cGratuito
650 4 _aasociación
_927308
650 4 _acombinación de sector público y privado
_930718
650 4 _asector público
_927150
650 4 _ainfraestructura
_928025
650 4 _acontrato
_929505
650 4 _aasignación de recursos
_927024
650 4 _aadministración financiera
_927208
650 4 _aanálisis de costes y beneficios
_928281
650 4 _aevaluación de proyectos
_926660
650 4 _aUE
_926752
650 4 _apaís de la UE
_929020
650 1 4 _a2000-2014
_936296
650 4 _a2014-2020
_932049
653 1 0 _aAdministración-Instituciones públicas
710 2 _95056
_aTribunal de Cuentas Europeo
_eed.
856 4 _uhttp://biblioteca.ces.es/repintra/B50895.pdf
_ytexto completo
_z[intranet]
902 _aELE PUB. ELECTRONICA
942 _2CES
_cBK
_h6.3.